000 00275nam a22001337a 4500
003 OSt
008 150215b xxu||||| |||| 00| 0 eng d
100 1 _aWellsted, W Raife
041 _aeng
050 0 0 _a86-8843
245 1 0 _aThe Stamp Atlas
260 _c1987
300 _a0 pages
999 _c792
_d792